Writing the first person: (Record no. 145971)

MARC details
000 -LEADER
fixed length control field 00880nam a2200217 4500
005 - DATE AND TIME OF LATEST TRANSACTION
control field 20180731142626.0
010 ## - LCCN (DPL NO)
LC control number 1718EN-30 ENG-123634
020 ## - INTERNATIONAL STANDARD BOOK NUMBER
International Standard Book Number 9788178244747
Terms of availability 895.00
035 ## - SYSTEM CONTROL NUMBER
System control number B-683150-151 EN-107166
037 ## - SOURCE OF ACQUISITION
Source of stock number/acquisition Aakar
Stock number dpl
037 ## - SOURCE OF ACQUISITION
Source of stock number/acquisition DBAD/PUB
082 ## - DEWEY DECIMAL CLASSIFICATION NUMBER
Classification number 894.81209
100 ## - MAIN ENTRY--PERSONAL NAME
Personal name Udaya Kumar
245 ## - TITLE STATEMENT
Title Writing the first person:
Statement of responsibility, etc by Udaya Kumar
Remainder of title literature, history and autobiography in modern Kerala /
260 ## - PUBLICATION, DISTRIBUTION, ETC. (IMPRINT)
Place of publication, distribution, etc New Delhi
Name of publisher, distributor, etc Permanent Black
Date of publication, distribution, etc 2016
270 ## - ADDRESS
Address Himalayana, Mall Road, Ranikhet Cantt.
City Ranikhet
Postal code 263645
300 ## - PHYSICAL DESCRIPTION
Extent xi,324p.
Other physical details 21cm(Hb)
500 ## - GENERAL NOTE
General note Includes bibliographical references and index
942 ## - ADDED ENTRY ELEMENTS (KOHA)
Source of classification or shelving scheme Dewey Decimal Classification
Item type English Books
Call number suffix UDA
Classification part 894.81209
Holdings
Withdrawn status Lost status Not for loan Collection code Home library Current library Date acquired Source of acquisition Cost, normal purchase price Full call number Barcode Copy number Cost, replacement price Koha item type
      Non-fiction Ashok Vihar Ashok Vihar 18/01/2018 Aakar/I-2040/4.12.17/BPPD/EN/2017-18/631/20.11.17/14.12.2017 895.00 894.81209 UDA B-683151 1 895.00 English Books
      Non-fiction Central Library Central Library 18/01/2018 Aakar/I-2040/4.12.17/BPPD/EN/2017-18/631/20.11.17/14.12.2017 895.00 894.81209 UDA B-683150 1 895.00 English Books
    Not For Loan Non-fiction D.B.Act.Division Sarojini Nagar 31/07/2018 DBAD/PUB 895.00 894.81209 UDA EN-107166 1 895.00 English Books

© Delhi Public Library
Hit Counter
free hit counter